000 00554nam a2200181Ia 4500
003 LK-CoDNM
008 010623t2006 xxu||||| |||| 00| 1 sin d
040 _aLK-CoDNM
_dLK-CoDNM
_eLK-CoDNM
041 _asin
080 _a796
_bBAN
100 _aBandara, Sampath
245 _aපාපන්දු-විශ්වයේ ජනප්‍රියම ක්‍රීඩාව
246 _aFootball : most popular game in universe
260 _bSarasavi prakashakayo
_aNugegoda
_c2006
300 _b(viii)264, 29 cm
650 _aSports
942 _cBK
999 _c125843
_d125843